[Event "Wch U14"]
[Site "Chalkidiki"]
[Date "2003.10.27"]
[Round "5"]
[White "Wang, Hao"]
[Black "Carlsen, Magnus"]
[Result "1-0"]
[WhiteElo "2215"]
[BlackElo "2450"]
[PlyCount "79"]
[EventDate "2003.10.23"]
[EventType "swiss"]
[EventRounds "11"]
[EventCountry "GRE"]
[SourceTitle "EXT 2004"]
[Source "ChessBase"]
[SourceDate "2003.11.25"]
[SourceVersion "1"]
[SourceVersionDate "2003.11.25"]
[SourceQuality "1"]

1. e4 {Finkel,Alexander} c5 2. Nf3 Nc6 3. Bb5 g6 4. Bxc6 dxc6 5. d3 Bg7 6. h3 Nf6 7. Nc3 Nd7 8. Be3 e5 9. Qd2 h6 10. O-O Qe7 11. a3 Nf8 ({RR} 11... b6 12. Ne2 Bb7 13. b4 Rd8 14. Ng3 Ba6 15. Rfd1 Bc8 16. Rab1 Kf8 17. bxc5 Nxc5 18. d4 Kg8 19. Qc3 exd4 20. Bxd4 Bxd4 21. Nxd4) ({RR} 11... a5 12. Nh2 a4 13. f4 exf4 14. Bxf4 Ne5 15. Nf3 Nxf3+ 16. Rxf3 g5 17. Be3 O-O 18. Raf1) 12. b4 Ne6 13. bxc5 ({RR} 13. Na4 b6 14. Rae1 ({RR} 14. Nh2 f5 15. f3 f4 16. Bf2 h5 17. bxc5 b5 18. Nb2 g5) 14... Ba6 15. bxc5 b5 16. Nb2 Rd8 17. a4 Nd4 18. Bxd4 exd4 19. axb5 Bxb5 20. Qb4 a5 21. Qxa5 Qxc5 22. Nc4) 13... f5 ({RR} 13... Nxc5 14. Ne2 ({RR} 14. Rfe1 Ne6 15. Ne2 h5 16. a4 O-O 17. Bh6) 14... Ne6 15. Rab1 f5 16. exf5 gxf5 17. Qb4 Qf6 18. Rfe1 Kf7 19. Ng3) 14. exf5 gxf5 15. Qe1 O-O 16. d4 $146 ({RR} 16. Rb1 Rf7 ({RR} 16... Qf6 17. Na4 Kh7 18. Bd2 Rg8 19. Kh2 Bh8 20. Rg1 Ng5 21. Qe2 Nxf3+ 22. Qxf3 Qf7 23. g4 f4 24. Nc3) 17. Na4 f4 18. Bc1 ({RR} 18. Bd2) 18... Ng5 ({RR} 18... Nxc5 19. Nxc5 ({RR} 19. Qb4 Nxa4 20. Qxa4 Be6 21. Re1 Bd5) 19... Qxc5 20. Bb2 Bf5 21. Qb4 Qxb4 22. axb4 e4) 19. Nxg5 Qxg5 ({RR} 19... hxg5 20. f3) 20. Kh2 Qh5 21. Rg1 ({RR} 21. f3 Bf6 22. Nc3 Bh4 23. Qe2 Bg3+ 24. Kg1 Rg7) 21... Bf6 ({RR} 21... f3 22. g4 Qh4 23. Rg3 h5 24. gxh5 Qxh5 ({RR} 24... Qxa4 25. h6 Qh4 26. Rb4) 25. Nc3) 22. Nc3 Rg7 23. Ne4 Bh4 24. Bb2 Be6 ({RR} 24... Bd7 25. Ba1) 25. Qc3 Ba2 26. Ra1 Bd5 27. Qxe5 Qxe5 28. Bxe5 {1-0 (28) Malakhov,V (2694)-David,A (2591) Moscow 2006 CBM 112 [Finkel,Alexander]}) ({RR} 16. Rb1 e4 17. dxe4 f4 18. Bd2 Qxc5 19. e5 Ng5 20. Nxg5 hxg5 21. Ne4 Qxc2 22. Nf6+ Bxf6 23. exf6 Rxf6 24. Qe7 Qg6 25. Rfe1 Bf5 26. Rxb7 Rf7 27. Qb4 a5 28. Qb2 Qg7 29. Qxg7+ Kxg7 30. Bc3+ Kg8 {Nemeth,F (2294)-Shishkin,V (2473) Bucharest 2003 ½-½ (47)}) 16... e4 17. Ne5 f4 18. Ng6 Qf7 19. Nxf8 Kxf8 20. f3 Kg8 21. fxe4 Qg6 22. Rd1 fxe3 23. Qxe3 Bd7 24. Kh1 Re8 25. e5 Ng5 26. Qd3 Qh5 27. Ne2 Be6 28. Ng3 Qh4 29. Qe3 Nf7 30. Rf4 Qg5 31. Ne4 Qg6 32. Rdf1 h5 33. R1f3 Qh6 34. Rg3 Kh8 35. Qf2 Nxe5 36. dxe5 Bxe5 37. Rg5 Bxf4 38. Qxf4 Bd5 39. Nf6 Bxg2+ 40. Kh2 1-0

[Event "Wch U14"]
[Site "Chalkidiki"]
[Date "2003.10.31"]
[Round "9"]
[White "Carlsen, Magnus"]
[Black "Zhigalko, Sergei"]
[Result "0-1"]
[WhiteElo "2450"]
[BlackElo "2460"]
[PlyCount "66"]
[EventDate "2003.10.23"]
[EventType "swiss"]
[EventRounds "11"]
[EventCountry "GRE"]
[SourceTitle "EXT 2004"]
[Source "ChessBase"]
[SourceDate "2003.11.25"]
[SourceVersion "1"]
[SourceVersionDate "2003.11.25"]
[SourceQuality "1"]

1. e4 {Rogozenco,Dorian Rogozenco,Dorian} c5 2. Nf3 Nc6 3. d4 cxd4 4. Nxd4 Nf6 5. Nc3 e5 6. Ndb5 d6 7. Bg5 a6 8. Na3 b5 9. Bxf6 gxf6 10. Nd5 Bg7 11. Bd3 Ne7 12. Nxe7 Qxe7 13. c4 f5 14. O-O O-O 15. Qf3 d5 16. cxd5 fxe4 17. Bxe4 Rb8 18. Rad1 ({RR} 18. Rfd1 f5 ({RR} 18... Qd7 19. d6 Rb6 20. Qd3 Rd8 21. Rac1 Bf8 22. Rc7 Qxc7 23. Bxh7+ Kg7 24. dxc7 Rxd3 25. Bxd3 Bxa3 ({RR} 25... Rc6 26. Nc2 f5 27. Ne3 e4 28. Bb1 Rxc7 29. g4) 26. bxa3 Rc6 27. Be4 Rxc7 28. Bd5 Rc3 29. h4 Bf5 ({RR} 29... Rxa3) 30. Bb3 a5 31. a4 {RR} bxa4 32. Bxa4 Rc4) 19. d6 Qf6 20. Bc6 Be6 21. Bd5 Rbd8 22. Qb3 Bf7 ({RR} 22... Bxd5 23. Rxd5 Kh8 24. Rad1) 23. Nc2 Rxd6 24. Bxf7+ Rxf7 25. Rxd6 Qxd6 26. Ne3 f4 ({RR} 26... Qg6 27. a4 bxa4 28. Qxa4) 27. Rd1 Qg6 28. Nd5 Bf8 ({RR} 28... Kh8 29. Nc3 ({RR} 29. f3 e4) 29... f3 ({RR} 29... e4 30. Nxe4) 30. g3 Qf5 31. Rd8+ Bf8 32. Nd1 Kg7 33. Ne3 Qg6 34. Qc3 Qb1+ 35. Rd1 Qe4 36. Rd5 Be7 37. h4 Bf6 38. Kh2 h5 39. Qc8 Be7 40. Qxa6 Bxh4 41. gxh4 ({RR} 41. Qe6 Bf6 42. Nf5+ Kg6 43. Nd6) 41... Qxh4+ 42. Kg1 Kh7 43. Nf5) 29. f3 Kh8 ({RR} 29... Bc5+ 30. Kf1 Kg7 31. Nc3 Bd4 32. Ne4 Rc7) 30. Nc3 Rg7 ({RR} 30... Bc5+ 31. Kf1 Bd4 32. Ne4 Rc7) 31. Rd2 Bc5+ 32. Kf1 Bd4 {Anand,V (2791)-Radjabov,T (2761) Linares 2009 CBM 129 [Rogozenco,Dorian] 1-0 (61)}) ({RR} 18. Rfd1 Qh4 19. g3 Qd8 20. d6 f5 21. d7 Bxd7 22. Bc6 Bxc6 23. Qxc6 Qb6 24. Rac1 e4 25. Rd7 Qxc6 26. Rxc6 Bxb2 27. Rxa6 f4 28. gxf4 Rxf4 29. Nc2 Rbf8 30. Rd2 Rg4+ 31. Kf1 Rh4 32. Kg2 Kh8 {Isaev,J (2400)-Zhigalko,S (2592) Dresden 2008 ½-½ (45)}) ({RR} 18. Rfd1 Qd7 19. d6 Rb6 20. Qd3 ({RR} 20. Qc3 Rxd6) 20... Rd8 21. Rac1 Bf8) 18... Qd7 ({RR} 18... Rb6 19. Bf5 Rf6 20. d6 Rxd6 21. Rxd6 Qxd6 22. Nc2 Bxf5 23. Qxf5 Qg6 24. Ne3 Qxf5 25. Nxf5 Rd8 26. Rc1 Rd2 27. g4 Rxb2 28. Rc8+ Bf8 29. Ne7+ Kg7 30. Nf5+ Kg8 31. Ne7+ {½-½ (31) Dobrowolski,A (2100)-Iwanczuk,K (2136) Wroclaw POL 2025}) ({RR} 18... Rb6 19. Qd3 Qd7 20. g3 f5 21. Bg2 Rh6) 19. d6 Rb6 20. Bd5 $146 ({RR} 20. Qc3 Rxd6 ({RR} 20... Rd8 21. Bf5 Qxf5 22. Qc7) 21. Bf5 Rxd1 ({RR} 21... Rxd1 22. Bxd7 Rxd7 23. Nc2) ({RR} 21... Qxf5 22. Rxd6 e4 23. Qd2) 22. Bxd7 Rxd7 23. Nc2 Rfd8 24. Ne3 Rd2 25. h4 Be6 26. a3 f5 27. Qc6 R2d6 28. Qc2 Rd2 29. Rd1 Rxd1+ 30. Nxd1 Bf6 31. g3 Rc8 32. Qd2 Rd8 33. Qe2 Bc4 34. Qc2 f4 {Anand,V (2766)-Topalov,V (2735) Monte Carlo 2004 1-0 (67)}) ({RR} 20. Qc3 Rxd6 21. Bf5 Qc6 22. Rxd6 Qxd6 23. Nxb5 ({RR} 23. Bxc8 b4 24. Qc4 ({RR} 24. Qh3 bxa3 25. Bf5 h6) 24... bxa3 25. bxa3 a5) 23... axb5 24. Bxc8 f5 ({RR} 24... e4 25. Qh3 Bxb2 26. Bf5 h6 27. Bxe4) 25. Qb3+ Kh8 26. Rd1 Qc5 27. Bd7 b4 28. a3 bxa3 29. Qxa3 Qc2 30. Qd3 Qxd3 31. Rxd3 e4 ({RR} 31... Rd8 32. b4 ({RR} 32. Bxf5 Rxd3 33. Bxd3 e4 34. Bxe4 Bxb2 35. Bxh7 ({RR} 35. f4 h6 36. g4 Kg7 37. Kg2 Bf6 38. Kg3 Bd8 39. h4 Be7 40. g5 hxg5 41. hxg5 Bd8 42. Kg4 Be7 43. f5 Bd8) 35... Kxh7) 32... e4 33. Rd5 f4 ({RR} 33... Bc3 34. b5 Ba5 35. g3 Kg7 36. Kf1 Bb6 37. Ke2 Ba7 38. f4 Bb6 39. h3 h5) 34. b5 Ra8) 32. Rb3 f4 33. Kf1 Rd8 34. Bf5 e3 {Bacrot,E (2664)-Yakovich,Y (2591) Moscow 2004 CBM 100 [Rogozenco,Dorian] 1-0 (72)}) ({RR} 20. Qd3 Rd8 21. Bxh7+ Kh8 22. Qe3 Rxd6 23. Rxd6 Qxd6 24. Bb1 f5) 20... Rxd6 21. Bb3 Kh8 22. Rxd6 Qxd6 23. Rd1 Qg6 24. Qd5 f5 25. Qd6 Qg5 26. Qc6 e4 27. Nc2 Bxb2 28. g3 Bg7 29. Nd4 e3 30. Nf3 Qe7 31. Re1 Bb7 32. Rxe3 Bxc6 33. Rxe7 Bxf3 0-1

[Event "Wch U14"]
[Site "Chalkidiki"]
[Date "2003.11.01"]
[Round "10"]
[White "Rohit, Gogineni"]
[Black "Carlsen, Magnus"]
[Result "0-1"]
[WhiteElo "2346"]
[BlackElo "2450"]
[PlyCount "96"]
[EventDate "2003.10.23"]
[EventType "swiss"]
[EventRounds "11"]
[EventCountry "GRE"]
[SourceTitle "EXT 2004"]
[Source "ChessBase"]
[SourceDate "2003.11.25"]
[SourceVersion "1"]
[SourceVersionDate "2003.11.25"]
[SourceQuality "1"]

1. e4 e5 2. Nf3 Nc6 3. Bb5 a6 4. Ba4 Nf6 5. O-O Be7 6. Re1 b5 7. Bb3 d6 8. c3 O-O 9. h3 Nb8 10. d4 Nbd7 11. Nbd2 Bb7 12. Bc2 Re8 13. Nf1 Bf8 14. Ng3 g6 15. b3 Bg7 16. d5 Qe7 17. Be3 c6 18. c4 Rec8 ({RR} 18... Nc5 19. Qd2 a5 20. a3 a4 21. Bxc5 dxc5 22. cxb5 cxd5 23. exd5 axb3 24. Bxb3 Qd6 25. Ra2 h6 26. Qd3 Rad8 27. Rd2 Nxd5 28. Red1 Qb6 29. Qc4 Qc7 30. Rxd5 Bxd5 31. Rxd5 Rxd5 32. Qxd5 Rd8 33. Qc6 {Anand,V (2773)-Harikrishna,P (2729) Kolkata 2018 1-0 (33)}) 19. Nd2 a5 20. a4 $146 ({RR} 20. cxb5 cxd5 21. Rc1 h6 22. exd5 Nxd5 23. Nc4 Nxe3 24. Nxe3 Rc5 25. Be4 Rxb5 26. Bxb7 Rxb7 27. Ne4 Nf6 28. Nxf6+ Qxf6 29. Qd5 Rbb8 30. Rc7 a4 31. b4 a3 32. Rec1 Qe6 33. Qxe6 fxe6 34. Rd7 Rd8 {Svidler,P (2733)-Harikrishna,P (2599) Playchess.com INT 2004 ½-½ (53)}) 20... bxc4 21. bxc4 Ba6 22. Rb1 Qf8 23. Ngf1 Bh6 24. Bxh6 Qxh6 25. Ne3 cxd5 26. cxd5 Rc3 27. Nb3 Nc5 28. Nxc5 Rxc5 29. Rb6 Qf8 30. Qd2 Qd8 31. Reb1 Qc7 32. R1b2 Bc8 33. Kh2 Bd7 34. Qe2 Rc8 35. Qa6 Ne8 36. Rb7 Qd8 37. Qa7 Nf6 38. Qb6 Qf8 39. Bd1 Be8 40. Bg4 Ra8 41. Ra7 Rxa7 42. Qxa7 h5 43. Bf3 Qh6 44. g3 h4 45. Qe7 hxg3+ 46. Kg2 Kg7 47. Qxd6 Bd7 48. fxg3 Qxe3 0-1

[Event "Wch U14"]
[Site "Chalkidiki"]
[Date "2003.11.02"]
[Round "11"]
[White "Nepomniachtchi, Ian"]
[Black "Carlsen, Magnus"]
[Result "1-0"]
[WhiteElo "2447"]
[BlackElo "2450"]
[PlyCount "105"]
[EventDate "2003.10.23"]
[EventType "swiss"]
[EventRounds "11"]
[EventCountry "GRE"]
[SourceTitle "EXT 2004"]
[Source "ChessBase"]
[SourceDate "2003.11.25"]
[SourceVersion "1"]
[SourceVersionDate "2003.11.25"]
[SourceQuality "1"]

1. e4 c5 2. c3 d5 3. exd5 Qxd5 4. d4 g6 5. Nf3 Bg7 6. Na3 cxd4 7. Bc4 Qe4+ 8. Be3 Nh6 9. Nb5 O-O 10. cxd4 Na6 11. Nc3 Qc6 12. Qb3 Nf5 13. O-O Qb6 $146 ({RR} 13... Nd6 14. Bd5 Qe8 15. Rfe1 Nc7 16. Bf4 Qd8 17. Bg5 Re8 18. Rac1 Bg4 19. Ne5 Be6 20. Bxe6 Nxe6 21. Nxf7 Nxf7 22. Qxe6 Qxd4 23. Nd5 Rad8 24. Nxe7+ Kf8 25. Nxg6+ hxg6 26. Qxg6 Rxe1+ 27. Rxe1 Qe5 28. Be3 {Schellmann,F (2110)-Ross,C (2231) Chennai 2012 ½-½}) ({RR} 13... Nd6 14. Be2 Nc7 15. Rfd1 Qe8 16. d5 Bg4 17. h3 Bxf3 18. Bxf3 Ncb5 19. Ne2 Nf5 20. Bc5 Nbd6 21. Rac1 Qd8 22. Qb4 Bf6 23. g3 a5 24. Qb3 a4 25. Qb4 Qa5 26. Qxa5 Rxa5 27. Ba3 Nb5 28. Bb4 {Vaz,E (2409)-Dau Khuong Duy (2359) Hanoi VIE 2024 ½-½ (49)}) ({RR} 13... Nd6 14. Be2 Nc7 15. Rfd1 e6 16. Rac1 Nd5 17. Ne5 Qb6 18. Nxd5 exd5 19. Qxd5 Be6 20. Qc5 Qxc5 21. dxc5 Nf5 22. Nc4 Nxe3 23. fxe3 Rad8 24. b4 b5 25. Nd6 a6 26. Rd2 Be5 27. Bf3 Rd7 28. Bc6 {Abasov,N (2561)-Akshat,K (2358) Basel 2017 1-0 (47)}) 14. Qxb6 axb6 15. Na4 Nd6 16. Bb3 Nb4 17. Nxb6 Ra6 18. Nd5 Nxd5 19. Bxd5 Bf5 20. Rfc1 Ra5 21. Bb3 Be4 22. Nd2 Bc6 23. Bc2 Rd8 24. Bd3 Rd5 25. Nf3 Rh5 26. Be2 Rd5 27. g4 Nb5 28. Bc4 R5d6 29. Ne5 e6 30. Bxb5 Bxb5 31. a4 Be8 32. b4 Rxd4 33. Bxd4 Rxd4 34. Rc8 Kf8 35. Re1 Rxb4 36. h3 Rxa4 37. Nc4 Ke7 38. Rd1 Rxc4 39. Rxc4 Bc6 40. f4 f5 41. Kf2 fxg4 42. hxg4 h5 43. gxh5 gxh5 44. Rc5 h4 45. Rh5 Bf6 46. Rh7+ Kf8 47. Rd6 Be4 48. Rc7 Bd5 49. Ke3 Ke8 50. Rh7 Be7 51. Rxd5 exd5 52. Kd4 Bd6 53. f5 1-0

[Event "Claude Pecaut Memorial"]
[Site "Taormina"]
[Date "2003.11.15"]
[Round "1"]
[White "Carlsen, Magnus"]
[Black "Aldrovandi, Costantino"]
[Result "0-1"]
[WhiteElo "2450"]
[BlackElo "2414"]
[PlyCount "54"]
[EventDate "2003.11.15"]
[EventType "tourn"]
[EventRounds "9"]
[EventCountry "ITA"]
[EventCategory "7"]
[SourceTitle "CBM 097 Extra"]
[Source "ChessBase"]
[SourceDate "2004.01.13"]
[SourceVersion "1"]
[SourceVersionDate "2004.01.13"]
[SourceQuality "1"]

1. e4 {Schulz,Andre} c5 2. Nf3 d6 3. d4 cxd4 4. Nxd4 Nf6 5. Nc3 g6 6. Be3 Bg7 7. f3 Nc6 8. Qd2 O-O 9. O-O-O d5 10. exd5 Nxd5 11. Nxc6 bxc6 12. Bd4 e5 13. Bc5 Be6 14. Ne4 Rb8 ({RR} 14... Re8) 15. Bc4 a5 ({RR} 15... Qc7 16. Bxf8 Bxf8 17. Bb3 a5 18. a4 Qb6 19. Ng5 Bh6 20. h4 Ne3 21. Rde1 Nxc2 22. Bxc2 Qxb2+ 23. Kd1 Bc4 24. Bd3 Qb3+ 25. Qc2 Bxd3 26. Qxb3 Rxb3 27. Kd2 f6 28. Re3 Bc4 29. Rxb3 Bxb3 30. Rb1 {Wu,D (2295)-Korol,D (2287) chess.com INT 2024 1-0 (44)}) ({RR} 15... Rb7 16. Bb3 Rd7 17. Bxf8 Bxf8 ({RR} 17... Qxf8) 18. c4 Nf4 19. Qxd7 Bxd7 20. Rxd7 Qa5 ({RR} 20... Qxd7 21. Nf6+) 21. c5 Nd5 22. Kb1 Qb5 ({RR} 22... Z0 23. Bxd5) 23. Rd1 ({RR} 23. Bxd5 cxd5 24. Rxd5 Qe2 25. Rd2) 23... Qe2 24. Nc3 Nxc3+ 25. bxc3 Bxc5 26. Bxf7+ Kf8 27. Bb3 Be3 28. Rxh7 Bd2 29. Rxa7 ({RR} 29. Rf7+ Ke8 30. Rb7 Z0 31. Ba4) 29... Qd3+ 30. Bc2 {Drei,A (2349)-Aldrovandi,C (2350) Reggio Emilia 1999 CBM 075 [Schulz,Andre] ½-½ (31)}) ({RR} 15... Re8 16. h4 h6 17. g4) 16. h4 ({RR} 16. Bb3 Re8 17. h4 Ra8 18. Ba4 Qc7 19. h5 Bf5 20. g4 Bxe4 21. fxe4 Nf4 22. hxg6 fxg6 23. Qd7 Qxd7 24. Rxd7 Rad8 25. Rxd8 Rxd8 26. Bb6 Ra8 27. g5 h5 28. gxh6 Bf6 29. Rd1 Kh7 30. Rd6 Bg5 {Pavlovic,M (2505)-Shulman,Y (2555) Ubeda 1997 0-1 (54)}) 16... h6 17. h5 $146 ({RR} 17. g4 Re8 18. g5 h5 19. Bb3 Qc7 20. Qf2 Ra8 21. a4 Red8 22. Rd2 Rd7 23. Rhd1 Rad8 24. Ba3 Nf4 25. Bd6 Qa7 26. Qxa7 Rxa7 27. Bxe6 Nxe6 28. Nf6+ Bxf6 29. gxf6 Rb7 30. c3 Kh7 31. Bxe5 Rxd2 {Blees,A (2450)-De Vreesse,S Ghent 1997 1-0 (42)}) ({RR} 17. g4 Re8 18. h5 g5 19. Rhe1 a4 20. a3 Bf8 21. Bxf8 Kxf8 22. Qf2 Qc7 23. Qc5+ Re7 24. Rd2 {½-½ (24) Newrkla,K (1666)-Gerold,A (1977) Vienna 2005}) 17... g5 18. Bxf8 Bxf8 19. Qf2 Qe7 20. Rhe1 f5 21. Nc3 Nxc3 22. Rxe5 Nxd1 23. Qd2 Nxb2 24. Bxe6+ Kh8 25. Qxa5 Qd6 26. Bb3 Bg7 27. Re1 Nc4 0-1

[Event "Claude Pecaut Memorial"]
[Site "Taormina"]
[Date "2003.11.17"]
[Round "3"]
[White "Carlsen, Magnus"]
[Black "Isonzo, Davide"]
[Result "1-0"]
[WhiteElo "2450"]
[BlackElo "2349"]
[PlyCount "125"]
[EventDate "2003.11.15"]
[EventType "tourn"]
[EventRounds "9"]
[EventCountry "ITA"]
[EventCategory "7"]
[SourceTitle "CBM 097 Extra"]
[Source "ChessBase"]
[SourceDate "2004.01.13"]
[SourceVersion "1"]
[SourceVersionDate "2004.01.13"]
[SourceQuality "1"]

1. e4 e5 2. Nf3 Nc6 3. Bb5 Nf6 4. Qe2 Be7 5. O-O d6 6. d4 exd4 7. Nxd4 Bd7 8. Bxc6 bxc6 9. Rd1 O-O 10. e5 dxe5 $146 ({RR} 10... Nd5 11. c4 Nb6 12. Nc3 Qc8 13. exd6 Bxd6 14. Be3 Re8 15. Qd3 c5 16. Ndb5 Bf5 17. Nxd6 cxd6 18. Qxd6 Nxc4 19. Qxc5 Nxb2 20. Rd5 Be6 21. Qxc8 Rexc8 22. Rc5 Nd3 {½-½ (22) Iordachescu,V (2609)-Varga,Z (2515) Baile Tusnad 2005}) ({RR} 10... Nd5 11. c4 dxe5 12. Nf3 Nf4 13. Qxe5 Ng6 14. Qa5 Qc8 15. Bg5 Bd6 16. Nbd2 Re8 17. Re1 Qb7 18. c5 Bf8 19. Qc3 Be6 20. Nd4 Bd5 21. b3 Reb8 22. a3 Re8 23. Be3 Qc8 24. f3 Be7 25. Nc2 {Tiviakov,S (2639)-L'Ami,E (2628) Amsterdam 2015 ½-½ (45)}) 11. Nxc6 Qe8 12. Nxe7+ Qxe7 13. Bg5 Bc6 14. Qc4 Qe6 15. Qxe6 fxe6 16. Nd2 Rab8 17. b3 Nd5 18. Nc4 Rf5 19. Be3 Nf4 20. Bxf4 exf4 21. Re1 Rg5 22. g3 Bd5 23. Ne5 Rf8 24. c4 Bb7 25. Nd7 Rf7 26. Re5 Rgf5 27. g4 Rxe5 28. Nxe5 Rf8 29. Rd1 h5 30. Ng6 Re8 31. Nxf4 hxg4 32. Rd7 Bf3 33. Nh5 Rf8 34. Rxg7+ Kh8 35. Rd7 Rf5 36. Ng3 Re5 37. Kf1 Ra5 38. a4 Ra6 39. Ke1 Rb6 40. Rd3 e5 41. Kd2 a5 42. h4 Kh7 43. Re3 Re6 44. Ne4 Kg6 45. Ng5 Rd6+ 46. Kc3 e4 47. Nxe4 Rd1 48. Ng3 Rc1+ 49. Kd2 Ra1 50. h5+ Kf6 51. Re8 Ra2+ 52. Ke3 Rb2 53. h6 Kg6 54. Re6+ Kh7 55. Kf4 Rxb3 56. Nf5 Rb6 57. Re7+ Kh8 58. Kg5 Rc6 59. Nd4 Rxc4 60. Re8+ Kh7 61. Ne6 Re4 62. Re7+ Kh8 63. Kg6 1-0

[Event "Claude Pecaut Memorial"]
[Site "Taormina"]
[Date "2003.11.18"]
[Round "4"]
[White "Godena, Michele"]
[Black "Carlsen, Magnus"]
[Result "1/2-1/2"]
[WhiteElo "2523"]
[BlackElo "2450"]
[PlyCount "96"]
[EventDate "2003.11.15"]
[EventType "tourn"]
[EventRounds "9"]
[EventCountry "ITA"]
[EventCategory "7"]
[SourceTitle "CBM 097 Extra"]
[Source "ChessBase"]
[SourceDate "2004.01.13"]
[SourceVersion "1"]
[SourceVersionDate "2004.01.13"]
[SourceQuality "1"]

1. e4 c5 2. c3 d5 3. exd5 Qxd5 4. d4 g6 5. Nf3 Bg7 6. Na3 cxd4 7. Nb5 Na6 8. Be3 Bd7 9. Bxd4 Nf6 10. a4 O-O 11. Be2 Bxb5 12. axb5 Nc5 13. O-O Rfd8 14. Ra3 $146 ({RR} 14. Ne5 Qd6 15. Bc4 Nd5 16. Re1 Ne6 17. Qf3 Bf6 18. Rad1 Nxd4 19. Rxd4 e6 20. Rde4 Rac8 21. Bb3 Bxe5 22. Rxe5 Rc5 23. h3 b6 24. R5e4 Nc7 25. c4 Qd3 26. R4e3 Qd7 27. Ba2 Ne8 28. b4 Rf5 {Richards,H (2150)-Muhren,B (2269) Gothenburg 2005 0-1 (59)}) 14... Qf5 15. Qb1 Qh5 16. Re1 Ne6 17. Bxa7 Nf4 18. Bf1 Rd5 19. Be3 Rxa3 20. bxa3 Bh6 21. Qb4 Rf5 22. Qxe7 Ng4 23. Qh4 Nxe3 24. fxe3 Nh3+ 25. Qxh3 Qxh3 26. gxh3 Rxf3 27. Bg2 Rxe3 28. Rxe3 Bxe3+ 29. Kf1 b6 30. Ke2 Bc5 31. a4 Kf8 32. Kd3 Ke7 33. Kc4 Kd6 34. Bd5 f6 35. Bg8 h6 36. h4 g5 37. hxg5 hxg5 38. Bh7 Bg1 39. h3 Ke5 40. Kb4 Bc5+ 41. Kc4 Bg1 42. Kb4 Bc5+ 43. Kc4 Bg1 44. Bd3 f5 45. Kb4 Bc5+ 46. Kc4 Bg1 47. Kb4 Bc5+ 48. Kc4 Bg1 1/2-1/2

[Event "Claude Pecaut Memorial"]
[Site "Taormina"]
[Date "2003.11.19"]
[Round "5"]
[White "Carlsen, Magnus"]
[Black "Ljubisavljevic, Zivojin Z"]
[Result "1-0"]
[WhiteElo "2450"]
[BlackElo "2316"]
[PlyCount "89"]
[EventDate "2003.11.15"]
[EventType "tourn"]
[EventRounds "9"]
[EventCountry "ITA"]
[EventCategory "7"]
[SourceTitle "CBM 097 Extra"]
[Source "ChessBase"]
[SourceDate "2004.01.13"]
[SourceVersion "1"]
[SourceVersionDate "2004.01.13"]
[SourceQuality "1"]

1. e4 c5 2. Nf3 d6 3. Bb5+ Bd7 4. Bxd7+ Qxd7 5. c4 e5 6. Nc3 Nc6 7. d3 g6 8. a3 ({RR} 8. h4 h6 9. h5 g5 10. Nd2 Bg7 11. g4 Nf6 12. f3 O-O 13. Nf1 Nd4 14. Be3 Ne8 15. Ng3 Nc7 16. Bxd4 exd4 17. Nd5 Nxd5 18. cxd5 Be5 19. Nf5 Kh7 20. a3 a5 21. a4 Ra6 22. b3 Rb6 {Vachier Lagrave,M (2789)-Grischuk,A (2766) Paris 2018 ½-½ (56)}) 8... h5 $146 ({RR} 8... Bg7 9. Rb1 Nge7 10. b4 b6 11. Bg5 f6 12. Bd2 Kf7 13. O-O Nd4 14. Nxd4 exd4 15. Ne2 Rhe8 16. Ng3 Kg8 17. Rb2 Rf8 18. f4 f5 19. bxc5 dxc5 20. e5 Qc6 21. Re1 Rae8 22. Nf1 h5 23. Bc1 {Savon,V-Cobo Arteaga,E Cienfuegos 1973 1-0 (55)}) ({RR} 8... Bg7 9. b4 Nge7 10. Rb1 b6 11. O-O O-O 12. Nd5 Rad8 13. h3 Nxd5 14. cxd5 Nd4 15. Nxd4 exd4 16. bxc5 dxc5 17. Bg5 Rc8 18. Qb3 Rfe8 19. Rfe1 Qc7 20. a4 h6 {1-0 (20) Mukund Hemant Agarwal (2169)-Saisarvesh S (1977) Guntur IND 2025}) 9. O-O Bh6 10. Be3 Kf8 11. b4 b6 12. Nd5 Kg7 13. Ng5 Bxg5 14. Bxg5 f6 15. Be3 Nge7 16. bxc5 dxc5 17. f4 exf4 18. Bxf4 Nxd5 19. cxd5 Ne5 20. Ra2 Rae8 21. h3 Rhf8 22. Raf2 Qe7 23. Qd2 g5 24. Bh2 c4 25. d4 Nd3 26. Re2 Kg6 27. Qe3 Qd7 28. d6 b5 29. h4 Qg4 30. hxg5 fxg5 31. Rxf8 Rxf8 32. e5 Qe6 33. Qe4+ Kh6 34. d5 Qf7 35. Qf3 Qg7 36. Qh3 h4 37. d7 Kh5 38. Bg3 Qf7 39. Kh2 Qf1 40. Re4 Nf4 41. Rxf4 gxf4 42. Qxh4+ Kg6 43. Qg4+ Kh7 44. Qh5+ Kg7 45. Bh4 1-0

[Event "Budapest FS12 GM"]
[Site "Budapest"]
[Date "2003.12.06"]
[Round "1"]
[White "Carlsen, Magnus"]
[Black "Howell, David"]
[Result "1/2-1/2"]
[WhiteElo "2450"]
[BlackElo "2381"]
[PlyCount "88"]
[EventDate "2003.12.06"]
[EventType "tourn"]
[EventRounds "13"]
[EventCountry "HUN"]
[EventCategory "8"]
[SourceTitle "CBM 097 Extra"]
[Source "ChessBase"]
[SourceDate "2004.01.13"]
[SourceVersion "1"]
[SourceVersionDate "2004.01.13"]
[SourceQuality "1"]

1. e4 {Dolmatov,Sergey} e5 2. Nf3 Nc6 3. Bb5 a6 4. Ba4 Nf6 5. O-O Be7 6. Qe2 b5 7. Bb3 O-O 8. c3 d6 9. Rd1 Bg4 ({RR} 9... Na5 10. Bc2 c5 11. d3 Re8 12. Nbd2 Bf8 13. Nf1 h6 14. Ng3 d5) 10. h3 Bh5 11. d3 d5 ({RR} 11... Na5 12. Bc2 c5 ({RR} 12... Nd7 13. g4 Bg6 14. Nbd2 Nb7 15. Nf1 c6 16. Ng3 Re8 17. Nf5 Qc7 18. Kh1 Nd8 19. Nxe7+ Rxe7 20. Nh4 Ne6 21. Nf5 Ree8 22. h4 f6 23. Qf3 Bf7 24. Rg1) 13. Nbd2 Nd7 ({RR} 13... Qc7 14. Nf1 Bg6 15. Ne3 Rae8 16. Nh4 Bd8 17. Nhf5 Qd7 18. g4 d5 19. g5 Nh5 20. Nxd5 Bxf5 21. Qxh5 Bxh3 22. f3 Be6 23. Nf6+ gxf6 24. gxf6) ({RR} 13... Nc6 14. Nf1 Qc7 15. Ne3 Rfe8 16. g4 Bg6 17. Nh4 Qb7 18. Nhf5 Rad8 19. Qf3 Bf8 20. Kh2 Ne7 21. Bb3 Kh8 22. g5 Nxf5 23. Nxf5 Bh5 24. Qg2) 14. g4 ({RR} 14. Nf1 Bxf3 ({RR} 14... f6 15. g4 Bf7 16. Ng3 g6 17. Kh2 b4 18. Nd2 Rc8 19. c4 Nc6 20. Nf3) 15. Qxf3 Bg5 16. Ne3) 14... Bg6 15. Nf1 Nb6 ({RR} 15... Nc6 16. Ng3 Re8 17. Nf5 Nf8) ({RR} 15... h6 16. Ng3 Bg5 17. Nxg5 hxg5) 16. Ng3 Nc6 17. Nf5 Re8 18. h4 Bxf5 19. gxf5 d5 ({RR} 19... Bxh4 20. Kh1 ({RR} 20. Nxh4 Qxh4 21. Kg2 Qe7 22. Rh1)) 20. Kh1 ({RR} 20. h5 h6 21. Kh2 Bg5 22. Rg1 f6) 20... Bxh4 21. Rg1 ({RR} 21. Nxh4 Qxh4+ 22. Kg2 d4) 21... Bf6 22. Nh2 g6 23. Qf3 dxe4 ({RR} 23... d4 24. Ng4) 24. dxe4 Nd7 25. Qh3 Qe7 26. Be3 {Anand,V (2715)-Timman,J (2635) Riga 1995 CBM 047 [Dolmatov,Sergey] 1-0 (45)}) ({RR} 11... Re8 12. Nbd2 Nb8 13. Nf1 Nbd7 14. Ng3 Bg6 15. Nh4 c5 16. Nhf5 Bf8 17. h4 Nb6 18. h5 Bxf5 19. Nxf5 d5 20. Bg5 c4 21. dxc4 bxc4 22. Bc2 g6 23. hxg6 hxg6 24. Ne3 Be7 25. Bxf6 Bxf6 26. Nxd5 {Tang,A (2019)-Kolmagorov,A (2145) chess.com INT 2025 1-0 (42)}) 12. Bg5 $146 ({RR} 12. Nbd2 d4 13. Nf1 a5 14. g4 Bg6 15. a4 dxc3 16. bxc3 b4 17. Bb2 Re8 18. Bc4 bxc3 19. Bxc3 Nd4 20. Nxd4 exd4 21. Bd2 h5 22. g5 Nd7 23. f4 Bb4 24. Qg2 h4 25. Qg4 Rb8 26. Qxh4 Nb6 {Mamedov,R (2566)-Naiditsch,A (2663) Moscow 2007 1-0 (31)}) ({RR} 12. Nbd2 d4 13. g4 Bg6 14. Nf1 dxc3 15. bxc3 Rb8 16. Ng3 Nd7 17. d4 exd4 18. Bd5 Rb6 19. cxd4 Nb4 20. Bb3 a5 21. a4 bxa4 22. Bxa4 c6 23. Bf4 h6 24. Rac1 Bh4 25. d5 Bxg3 26. Bxg3 c5 {Chavez,R (2226)-Omorere,B Dresden 2008 1-0}) 12... d4 13. Bxf6 Bxf3 14. Qxf3 Bxf6 15. Bd5 Qd6 16. a4 Rab8 17. axb5 axb5 18. Ra6 Rb6 19. Rxb6 cxb6 20. Nd2 dxc3 21. bxc3 Ne7 22. c4 Qc5 23. Rb1 bxc4 24. dxc4 Nc6 25. Qb3 Rb8 26. Qa4 Bh4 27. Qxc6 Qxf2+ 28. Kh1 Qxd2 29. Rf1 Qe2 30. Rxf7 Kh8 31. Rf3 Qe1+ 32. Kh2 Bf2 33. Rxf2 Qxf2 34. Qd6 Qf4+ 35. Kh1 Qf1+ 36. Kh2 Qf4+ 37. Kh1 Rf8 38. Qxb6 Qc1+ 39. Kh2 Qf4+ 40. Kh1 Qg3 41. Kg1 h6 42. Qb2 Kh7 43. Qe2 Rb8 44. Qf1 Qe3+ 1/2-1/2